| 000 | 00715nam a22001937a 4500 | ||
|---|---|---|---|
| 005 | 20100802143820.0 | ||
| 010 | _aENG-97645 | ||
| 020 |
_a9788120747814 _c125.00 |
||
| 035 | _aEN-81178 | ||
| 037 | _bDBAD/PUB | ||
| 082 | _a613.7 | ||
| 100 |
_aSah, Sahaj Kumar _95393 |
||
| 245 |
_aFitness simplified : _bSmart mantras to staying fit / _cby Sahaj Kumar Sah |
||
| 260 |
_aNew Delhi _bSterling Paperbacks _c2009 |
||
| 270 |
_aA-59, Okhla Industrial Area, Phase - 2 _bNew Delhi _e110020 |
||
| 300 |
_aviii,118p, _c21cm (pbk) |
||
| 942 |
_2ddc _cEN _h613.7 _mSAH |
||
| 999 |
_c38694 _d38694 |
||